2000: NFL Teams with the Least Points - Statistics

General Stats
  • This quiz has been taken 8 times
  • The average score is 7 of 10
Answer Stats
Number of points NFL Team % Correct
252 Atlanta Falcons
88%
161 Cleveland Browns
88%
216 Chicago Bears
75%
185 Cincinnati Bengals
75%
307 Detroit Lions
75%
276 New England Patriots
75%
281 Washington Redskins
75%
210 Arizona Cardinals
63%
269 San Diego Chargers
63%
294 Dallas Cowboys
50%
No matching quizzes found
Score Distribution
Percent of People with Each Score
Percentile by Number Answered
Your Score History
You have not taken this quiz